[Event "zonal 1.6"]
[Site "Samara RUS"]
[Date "2000.06.19"]
[Round "3"]
[White "Sapunov, Evgeny"]
[Black "Ulybin, Mikhail"]
[Result "0-1"]
[WhiteElo "2498"]
[BlackElo "2580"]
[EventDate "2000.06.03"]
[PlyCount "78"]

1.d4 e6 2.c4 f5 3.Nc3 Nf6 4.Nf3 Bb4 5.Qb3 Qe7 6.g3 b6 7.Bg2 Bb7 8.O-O Bxc3
9.bxc3 O-O 10.Ba3 d6 11.c5 Ne4 12.Rac1 Nc6 13.cxd6 cxd6 14.c4 Rac8 15.Rc2 
Na5 16.Qb4 Rc7 17.Ne5 Rfc8 18.f3 Qd8 19.fxe4 dxe5 20.d5 Rxc4 21.Rxc4 Nxc4 
22.Bc1 exd5 23.exf5 Qf6 24.h4 h6 25.Qe1 e4 26.g4 Qd4+ 27.Kh1 e3 28.f6 gxf6
29.Qg3 Nd2 30.Re1 Qe5 31.Qh3 Rc4 32.Rg1 Ne4 33.Bxe4 Qxe4+ 34.Kh2 Qe5+ 35.
Qg3 Rc2 36.Kh3 Rxe2 37.Rd1 d4 38.Rxd4 Bg2+ 39.Kh2 Bf1+ 0-1

[Event "zonal 1.6"]
[Site "Samara RUS"]
[Date "2000.06.19"]
[Round "3"]
[White "Burmakin, Vladimir"]
[Black "Shaposhnikov, Evgeny"]
[Result "1-0"]
[WhiteElo "2567"]
[BlackElo "2503"]
[EventDate "2000.06.03"]
[PlyCount "85"]

1.Nf3 d5 2.d4 c5 3.dxc5 e6 4.e3 Bxc5 5.c4 Nf6 6.a3 O-O 7.b4 Be7 8.Bb2 b6 
9.cxd5 Nxd5 10.e4 Nf4 11.Nc3 Bb7 12.g3 Ng6 13.Bg2 Nc6 14.O-O Bf6 15.Qe2 
Qe7 16.Rfd1 Rfd8 17.Nb5 Bxb2 18.Qxb2 Rxd1+ 19.Rxd1 Rd8 20.Rxd8+ Qxd8 21.
Qd2 Qxd2 22.Nxd2 e5 23.Nd6 Nd8 24.h4 Ne7 25.N2c4 f6 26.Bh3 Nec6 27.f4 Kf8 
28.Kf2 Ke7 29.Ke3 g6 30.Kd3 exf4 31.gxf4 h6 32.Ke3 g5 33.Nf5+ Kf8 34.Nxh6 
gxh4 35.Nd6 Ne7 36.Bf1 Bc6 37.Nhf5 Ng6 38.Nc8 Bd7 39.Nxa7 Ne6 40.Kf3 Ba4 
41.Nc8 Bd1+ 42.Ke3 Nexf4 43.Nxh4 1-0

[Event "zonal 1.6"]
[Site "Samara RUS"]
[Date "2000.06.19"]
[Round "3"]
[White "Aseev, Konstantin"]
[Black "Ivanov, Sergei"]
[Result "1/2-1/2"]
[WhiteElo "2517"]
[BlackElo "2543"]
[EventDate "2000.06.03"]
[PlyCount "42"]

1.e4 e6 2.d4 d5 3.Nc3 Bb4 4.e5 c5 5.a3 Ba5 6.dxc5 Bxc3+ 7.bxc3 Ne7 8.Qg4 
Qa5 9.Bd2 Ng6 10.Nf3 Nd7 11.Bd3 Nxc5 12.O-O O-O 13.Rfe1 Bd7 14.h4 Ne4 15.
Be3 Qc7 16.Qh5 f6 17.exf6 Nxf6 18.Qg5 Ne4 19.Qh5 Nf6 20.Qg5 Ne4 21.Qh5 Nf6
1/2-1/2

[Event "zonal 1.6"]
[Site "Samara RUS"]
[Date "2000.06.19"]
[Round "3"]
[White "Lastin, Alexander"]
[Black "Fominykh, Alexander"]
[Result "0-1"]
[WhiteElo "2510"]
[BlackElo "2551"]
[EventDate "2000.06.03"]
[PlyCount "94"]

1.c4 c5 2.Nf3 Nf6 3.Nc3 e6 4.g3 b6 5.Bg2 Bb7 6.O-O Be7 7.Re1 d6 8.e4 a6 9.
d4 cxd4 10.Nxd4 Qc7 11.Be3 Nbd7 12.Rc1 Rc8 13.f4 Qb8 14.Qe2 Qa8 15.Bf2 O-O
16.f5 exf5 17.Nxf5 Rfe8 18.Nd5 Bf8 19.Qd2 Nxd5 20.cxd5 Rxc1 21.Rxc1 Qd8 
22.Bd4 Nc5 23.Re1 Bc8 24.b4 Nd7 25.Rf1 b5 26.Qf2 f6 27.Rc1 g6 28.Ne3 Ne5 
29.Rc3 Bg7 30.Kh1 Bd7 31.h3 Rf8 32.Qc2 f5 33.exf5 gxf5 34.Qf2 Qe7 35.Qf1 
h5 36.Rc7 Qd8 37.Bb6 Qf6 38.Bd4 Rf7 39.Rc2 Qg6 40.Qf4 Nd3 41.Qf1 Bxd4 42.
Qxd3 Bxe3 43.Qxe3 f4 44.Be4 Qxg3 45.Qxg3+ fxg3 46.Bg6 Rf6 47.Bxh5 Bxh3 0-1

[Event "zonal 1.6"]
[Site "Samara RUS"]
[Date "2000.06.19"]
[Round "3"]
[White "Tunik, Gennady"]
[Black "Tregubov, Pavel"]
[Result "1/2-1/2"]
[WhiteElo "2442"]
[BlackElo "2615"]
[EventDate "2000.06.03"]
[PlyCount "66"]

1.d4 d5 2.c4 e6 3.Nf3 c6 4.Qc2 Nf6 5.g3 dxc4 6.Qxc4 b5 7.Qc2 Bb7 8.Bg2 
Nbd7 9.a4 a6 10.axb5 cxb5 11.O-O Be7 12.Bf4 O-O 13.Nbd2 Nd5 14.Rfc1 Rc8 
15.Qb3 Qb6 16.e3 h6 17.h4 Nxf4 18.gxf4 Nf6 19.Ne5 Bxg2 20.Kxg2 Qb7+ 21.f3 
Nd5 22.Kg3 Rxc1 23.Rxc1 Rc8 24.Rd1 Qc7 25.Nf1 Bd8 26.e4 Nf6 27.Ne3 Qe7 28.
Ng2 Bb6 29.Kh3 Qc7 30.Rd3 Qc1 31.Rd1 Qc7 32.Rd3 Qc1 33.Rd1 Qc7 1/2-1/2

[Event "zonal 1.6"]
[Site "Samara RUS"]
[Date "2000.06.19"]
[Round "3"]
[White "Volkov, Sergei"]
[Black "Maliutin, Evgeny"]
[Result "1-0"]
[WhiteElo "2582"]
[BlackElo "2451"]
[EventDate "2000.06.03"]
[PlyCount "95"]

1.d4 d5 2.c4 dxc4 3.e4 c5 4.d5 e6 5.Nc3 exd5 6.exd5 Bd6 7.Bxc4 a6 8.a4 Nf6
9.Qe2+ Qe7 10.Qxe7+ Kxe7 11.Nge2 Re8 12.O-O h6 13.Re1 Nbd7 14.Ng3+ Kf8 15.
Rxe8+ Nxe8 16.Nge4 Be5 17.Be3 b6 18.f4 Bb8 19.Be2 Nd6 20.a5 f5 21.Nxd6 
Bxd6 22.axb6 Nxb6 23.Ra5 Nd7 24.Bd3 g6 25.g4 fxg4 26.Bxg6 Rb8 27.Ne4 Bc7 
28.Ra2 Rb3 29.d6 Rxe3 30.dxc7 Ke7 31.Bf5 h5 32.Nxc5 Nxc5 33.Bxc8 Kd6 34.
Bxg4 Kxc7 35.Bxh5 Nd3 36.f5 Re1+ 37.Kg2 Rb1 38.f6 Nf4+ 39.Kf2 Kd8 40.Bf3 
Rxb2+ 41.Rxb2 Nd3+ 42.Ke3 Nxb2 43.Bc6 a5 44.Kd4 a4 45.h4 a3 46.Bd5 Na4 47.
h5 Nb6 48.h6 1-0

[Event "zonal 1.6"]
[Site "Samara RUS"]
[Date "2000.06.19"]
[Round "3"]
[White "Kosyrev, Vladimir"]
[Black "Rustemov, Alexander"]
[Result "0-1"]
[WhiteElo "2474"]
[BlackElo "2553"]
[EventDate "2000.06.03"]
[PlyCount "82"]

1.c4 c6 2.d4 d5 3.Nc3 dxc4 4.e3 b5 5.a4 b4 6.Na2 e6 7.Bxc4 Nf6 8.Nf3 Nbd7 
9.O-O Bb7 10.Qe2 c5 11.Rd1 Qc7 12.Bd2 a5 13.Bb5 Be7 14.dxc5 O-O 15.c6 Bxc6
16.Bxc6 Qxc6 17.Nd4 Qb7 18.Nc1 e5 19.Nf5 Nc5 20.Qb5 Ra7 21.Be1 e4 22.b3 g6
23.Nxe7+ Qxe7 24.Ra2 Rc8 25.Rad2 Kg7 26.Qb6 Ra6 27.Qb5 Qe6 28.Rd8 Rxd8 29.
Rxd8 Qc6 30.Qe2 Qc7 31.Rd1 Rc6 32.Bd2 Nfd7 33.f4 Nf6 34.g4 Qc8 35.h3 h5 
36.g5 Ne8 37.Kh2 Nd6 38.Be1 Nf5 39.Rd5 Kh7 40.Bd2 Qe6 41.Re5 Qd7 0-1

[Event "zonal 1.6"]
[Site "Samara RUS"]
[Date "2000.06.19"]
[Round "3"]
[White "Zakharevich, Igor"]
[Black "Popov, Valery"]
[Result "0-1"]
[WhiteElo "2486"]
[BlackElo "2534"]
[EventDate "2000.06.03"]
[PlyCount "46"]

1.d4 d5 2.Nf3 c6 3.c4 Nf6 4.Nc3 e6 5.Bg5 dxc4 6.e4 b5 7.e5 h6 8.Bh4 g5 9.
Nxg5 hxg5 10.Bxg5 Nbd7 11.exf6 Bb7 12.g3 c5 13.d5 Nxf6 14.Bg2 Bh6 15.Bxf6 
Qxf6 16.Nxb5 O-O-O 17.Nxa7+ Kb8 18.Nb5 Rxd5 19.Bxd5 exd5 20.O-O d4 21.Qh5 
Bg5 22.Qe2 Bf3 23.Qe1 Bd2 0-1

[Event "zonal 1.6"]
[Site "Samara RUS"]
[Date "2000.06.19"]
[Round "3"]
[White "Poluliakhov, Alexander"]
[Black "Smikovsky, Ivan"]
[Result "1/2-1/2"]
[WhiteElo "2526"]
[BlackElo "2492"]
[EventDate "2000.06.03"]
[PlyCount "69"]

1.Nf3 Nf6 2.c4 c5 3.Nc3 Nc6 4.e3 g6 5.d4 cxd4 6.exd4 d5 7.Bg5 Be6 8.Bxf6 
exf6 9.a3 Bh6 10.Be2 O-O 11.O-O Ne7 12.c5 Nf5 13.b4 Bf4 14.Bd3 Qd7 15.a4 
g5 16.Ne2 Bc7 17.Ng3 Bxg3 18.hxg3 Kg7 19.Re1 h5 20.Ra2 Rh8 21.Rae2 Ne7 22.
Re3 a6 23.Qe2 Ng6 24.Rxe6 fxe6 25.Qxe6 Qxe6 26.Rxe6 Rhe8 27.Rb6 Rab8 28.
Bxg6 Kxg6 29.Ne5+ Kg7 30.Nd7 Re1+ 31.Kh2 Rbe8 32.Rxb7 Rf1 33.g4 h4 34.Ne5+
Kg8 35.Nf3 1/2-1/2

[Event "zonal 1.6"]
[Site "Samara RUS"]
[Date "2000.06.19"]
[Round "3"]
[White "Bezgodov, Alexei"]
[Black "Smirnov, Pavel"]
[Result "1/2-1/2"]
[WhiteElo "2576"]
[BlackElo "2426"]
[EventDate "2000.06.03"]
[PlyCount "175"]

1.e4 c5 2.Nf3 Nc6 3.d4 cxd4 4.Nxd4 Nf6 5.Nc3 e5 6.Ndb5 d6 7.Bg5 a6 8.Na3 
b5 9.Bxf6 gxf6 10.Nd5 f5 11.Bd3 Be6 12.Qh5 Rg8 13.g3 Rg5 14.Qd1 Bxd5 15.
exd5 Ne7 16.c3 e4 17.f4 Rg6 18.Be2 Qb6 19.Qd2 b4 20.cxb4 e3 21.Qc2 Qxb4+ 
22.Kf1 Bg7 23.Nc4 Rc8 24.Rd1 Kf8 25.Qd3 Rc5 26.Nxe3 Bxb2 27.Bf3 Rc3 28.Qe2
Qa3 29.Kf2 Bc1 30.Rxc1 Rxc1 31.Rxc1 Qxc1 32.Qxa6 Qd2+ 33.Qe2 Qd4 34.Qc4 
Qa7 35.Qb3 Rg8 36.Kg2 Qd4 37.Nd1 Ng6 38.Kf1 Nxf4 39.gxf4 Rg1+ 40.Ke2 Qxf4 
41.Ne3 Qxh2+ 42.Kd3 Qf4 43.Qb8+ Kg7 44.Qb2+ Kg6 45.Qf2 Rg3 46.Ke2 Qe5 47.
Kf1 h5 48.Ng2 Kg5 49.a4 h4 50.Ne1 Qf4 51.a5 Qc1 52.a6 f4 53.Qe2 Kf6 54.a7 
Qa1 55.Qe4 Qa6+ 56.Be2 Qxa7 57.Qxf4+ Kg7 58.Nf3 Qa1+ 59.Kf2 Qh1 60.Bf1 Rg6
61.Nxh4 Qg1+ 62.Ke1 Rg4 63.Nf5+ Kf6 64.Qf3 Ke5 65.Ne3 Rf4 66.Qe2 Qg3+ 67.
Kd2 Kf6 68.Qd3 Qh4 69.Kc2 Rf2+ 70.Be2 Kg5 71.Kd1 f5 72.Qc3 Qh7 73.Nf1 f4 
74.Ke1 Rg2 75.Qf3 Qb1+ 76.Kd2 Qb2+ 77.Kd1 Qd4+ 78.Ke1 Qg1 79.Qh5+ Kf6 80.
Qh8+ Rg7 81.Qh6+ Ke5 82.Qe6+ Kd4 83.Qxd6 Qg5 84.Nd2 Qh4+ 85.Kd1 Rg1+ 86.
Nf1 Qg5 87.Qb6+ Kxd5 88.Qb5+ 1/2-1/2

[Event "zonal 1.6"]
[Site "Samara RUS"]
[Date "2000.06.19"]
[Round "3"]
[White "Varavin, Viktor"]
[Black "Kobalia, Mikhail"]
[Result "1-0"]
[WhiteElo "2410"]
[BlackElo "2593"]
[EventDate "2000.06.03"]
[PlyCount "79"]

1.e4 c5 2.Nf3 e6 3.d4 cxd4 4.Nxd4 a6 5.Nc3 b5 6.Be2 Bb7 7.Bf3 Qc7 8.O-O d6
9.a4 bxa4 10.Re1 Nd7 11.Bg5 Ne5 12.Bh5 g6 13.Be2 h6 14.Bh4 g5 15.Bg3 Nf6 
16.Rxa4 Be7 17.Qa1 Qc8 18.Nb3 Nfd7 19.Na5 Nc5 20.Bxe5 dxe5 21.Rc4 Qb8 22.
b4 Nd7 23.Qa4 Ra7 24.Rd1 Ba8 25.Nc6 Bxc6 26.Qxc6 Bd8 27.Bh5 Ke7 28.Bxf7 
Kxf7 29.Rxd7+ Be7 30.Rxa7 Qxa7 31.Na4 Rd8 32.g3 Rd2 33.Nc5 Rd6 34.Qc8 Qb6 
35.Nd3 Bd8 36.Nxe5+ Kg7 37.Nd3 a5 38.e5 Rd5 39.Rc6 Qb5 40.Qxe6 1-0

[Event "zonal 1.6"]
[Site "Samara RUS"]
[Date "2000.06.19"]
[Round "3"]
[White "Frolov, Denis"]
[Black "Naer, Evgeny"]
[Result "1-0"]
[WhiteElo "2428"]
[BlackElo "2572"]
[EventDate "2000.06.03"]
[PlyCount "55"]

1.e4 c5 2.Nf3 d6 3.d4 cxd4 4.Nxd4 Nf6 5.Nc3 a6 6.Bc4 e6 7.Qe2 Be7 8.Be3 
O-O 9.Bb3 Nbd7 10.Rd1 Qa5 11.Bd2 Qb6 12.Be3 Nc5 13.O-O Qc7 14.f3 b5 15.Qf2
Bd7 16.g4 b4 17.Nce2 a5 18.g5 Nh5 19.Qh4 g6 20.Ng3 Nxg3 21.hxg3 a4 22.Bc4 
e5 23.Qh6 Ne6 24.Nf5 gxf5 25.Rd2 f4 26.Bxe6 fxg3 27.g6 hxg6 28.Qxg6+ 1-0

[Event "zonal 1.6"]
[Site "Samara RUS"]
[Date "2000.06.19"]
[Round "3"]
[White "Bocharov, Dmitry"]
[Black "Grechikhin, Valery"]
[Result "1-0"]
[WhiteElo "2475"]
[BlackElo "2521"]
[EventDate "2000.06.03"]
[PlyCount "105"]

1.d4 Nf6 2.Nf3 g6 3.c4 Bg7 4.g3 O-O 5.Bg2 d5 6.cxd5 Nxd5 7.O-O Nb6 8.Nc3 
Nc6 9.d5 Na5 10.Qc2 Nxd5 11.Rd1 c6 12.Ne1 Bd7 13.Nxd5 cxd5 14.Rxd5 e6 15.
Rd3 Rc8 16.Qd1 Rc7 17.Bf4 e5 18.Rc1 Nc6 19.Bxc6 bxc6 20.Be3 e4 21.Rd2 Qc8 
22.Rc4 Re8 23.Ng2 Bg4 24.Bd4 Bf8 25.Bc5 Be6 26.Rc3 Bh6 27.Be3 Bg7 28.Ra3 
Bf8 29.Ra4 f5 30.h4 c5 31.Nf4 c4 32.Rxa7 Rxa7 33.Bxa7 Bb4 34.Rd4 Bf7 35.
Rd7 c3 36.bxc3 Bxc3 37.Nd5 Qxd7 38.Nf6+ Bxf6 39.Qxd7 Rd8 40.Qc6 Kg7 41.Be3
Rd1+ 42.Kg2 Bxa2 43.Bh6+ Kxh6 44.Qxf6 Bc4 45.Qc3 Bd5 46.Qe3+ Kg7 47.h5 Kf6
48.Qc3+ Kg5 49.Qg7 Rd2 50.hxg6 hxg6 51.Qh8 f4 52.Qh4+ Kf5 53.Qxf4+ 1-0

[Event "zonal 1.6"]
[Site "Samara RUS"]
[Date "2000.06.19"]
[Round "3"]
[White "Ikonnikov, Viacheslav"]
[Black "Riazantsev, Alexander"]
[Result "1-0"]
[WhiteElo "2550"]
[BlackElo "2442"]
[EventDate "2000.06.03"]
[PlyCount "135"]

1.d4 e6 2.c4 f5 3.g3 Nf6 4.Bg2 c6 5.Nf3 d5 6.O-O Bd6 7.Bf4 Bxf4 8.gxf4 O-O
9.e3 Nbd7 10.Nbd2 Ne4 11.Rc1 Qe7 12.Qc2 Kh8 13.Nb3 Ndf6 14.Ne5 Nd6 15.Nc5 
Bd7 16.Qb3 Be8 17.Qa3 Ng8 18.Ncd3 Bh5 19.f3 a6 20.Kh1 Rad8 21.Rg1 Rf6 22.
c5 Nf7 23.Bf1 Nxe5 24.Nxe5 Nh6 25.Rg5 Be8 26.Rg2 Nf7 27.Nd3 Bd7 28.Be2 Rg8
29.Rcg1 Be8 30.Qc3 Rh6 31.Qe1 Nd8 32.Qf2 Qf6 33.b4 Nf7 34.Rg5 Bd7 35.Qg3 
Be8 36.a4 Bd7 37.Rg2 Be8 38.Kg1 Nd8 39.Kf2 Qe7 40.Ne5 Qf6 41.h4 Nf7 42.Nd3
Nd8 43.Bd1 Nf7 44.Bc2 Bd7 45.Ke2 Be8 46.Kd2 Bd7 47.Kc3 Be8 48.Rg1 Nd8 49.
e4 dxe4 50.fxe4 Bg6 51.Ne5 Nf7 52.Nxg6+ hxg6 53.Rxg6 Qxh4 54.Rxh6+ Qxh6 
55.exf5 exf5 56.Bxf5 Qf6 57.Qg6 Qxg6 58.Bxg6 Nh6 59.Re1 Rf8 60.Re8 Kg8 61.
b5 axb5 62.axb5 Ng4 63.bxc6 bxc6 64.Rxf8+ Kxf8 65.Be4 Nf6 66.Bxc6 Nh5 67.
f5 Ke7 68.Be4 1-0

[Event "zonal 1.6"]
[Site "Samara RUS"]
[Date "2000.06.19"]
[Round "3"]
[White "Balashov, Yury"]
[Black "Yakovenko, Dmitry"]
[Result "1-0"]
[WhiteElo "2534"]
[BlackElo "2443"]
[EventDate "2000.06.03"]
[PlyCount "117"]

1.c4 Nf6 2.Nc3 e6 3.d4 Bb4 4.e3 b6 5.Ne2 c5 6.a3 Ba5 7.Rb1 Qe7 8.Bd2 Na6 
9.f3 O-O 10.d5 exd5 11.Nxd5 Nxd5 12.cxd5 Bxd2+ 13.Qxd2 d6 14.Nc3 Bb7 15.
Bxa6 Bxa6 16.h4 b5 17.Kf2 Rac8 18.g3 b4 19.axb4 cxb4 20.Na2 Bb7 21.Nxb4 a5
22.Nc6 Bxc6 23.dxc6 Rxc6 24.Rhc1 Rxc1 25.Rxc1 Rb8 26.Rc6 h6 27.b3 d5 28.
Qxd5 a4 29.bxa4 Rb2+ 30.Kf1 Qb7 31.Rd6 Qc7 32.Qc6 Qe7 33.Qc8+ Kh7 34.Qf5+ 
g6 35.Qd7 Qf8 36.h5 gxh5 37.Qf5+ Kg8 38.Qf6 Rb1+ 39.Kg2 Rb2+ 40.Qxb2 Qxd6 
41.a5 Qa6 42.Qa2 Kg7 43.Kf2 Qd6 44.a6 h4 45.f4 hxg3+ 46.Kxg3 Qg6+ 47.Kf2 
Qh5 48.Qa1+ Kg8 49.a7 Qh2+ 50.Kf3 Qh3+ 51.Ke4 Qe6+ 52.Kd3 Qd5+ 53.Qd4 Qa5 
54.Ke4 Kh7 55.Kf3 Qh5+ 56.Kg3 Qg6+ 57.Kf2 Qc6 58.Qa1 Qa8 59.Qb1+ 1-0

[Event "zonal 1.6"]
[Site "Samara RUS"]
[Date "2000.06.19"]
[Round "3"]
[White "Sergienko, Sergei"]
[Black "Volzhin, Alexander"]
[Result "1/2-1/2"]
[WhiteElo "2425"]
[BlackElo "2548"]
[EventDate "2000.06.03"]
[PlyCount "78"]

1.d4 Nf6 2.c4 e6 3.Nc3 Bb4 4.Qc2 O-O 5.a3 Bxc3+ 6.Qxc3 Ne4 7.Qc2 f5 8.Nh3 
d6 9.f3 Nf6 10.e3 e5 11.Be2 f4 12.Nf2 Nc6 13.dxe5 dxe5 14.O-O Qe7 15.Bd3 
fxe3 16.Bxe3 Nd4 17.Bxd4 exd4 18.Rfe1 Qf7 19.Re5 Re8 20.Rae1 Bd7 21.c5 
Rxe5 22.Rxe5 Kh8 23.Bc4 Qf8 24.Qd2 Rd8 25.Qxd4 Bb5 26.Qf4 Bxc4 27.Qxc4 Rd2
28.b4 c6 29.Re2 Qd8 30.g3 h6 31.Kg2 Nd5 32.Qe4 Nc3 33.Qe8+ Qxe8 34.Rxe8+ 
Kh7 35.Kf1 Ra2 36.Re7 Nd5 37.Rxb7 Ne3+ 38.Ke1 Ng2+ 39.Kf1 Ne3+ 1/2-1/2

[Event "zonal 1.6"]
[Site "Samara RUS"]
[Date "2000.06.19"]
[Round "3"]
[White "Voitsekhovsky, Stanislav"]
[Black "Tolstikh, Nikolai"]
[Result "1/2-1/2"]
[WhiteElo "2546"]
[BlackElo "2419"]
[EventDate "2000.06.03"]
[PlyCount "51"]

1.e4 c5 2.Nf3 Nc6 3.d4 cxd4 4.Nxd4 Nf6 5.Nc3 e5 6.Ndb5 d6 7.Bg5 a6 8.Na3 
b5 9.Bxf6 gxf6 10.Nd5 f5 11.c3 Bg7 12.exf5 Bxf5 13.Nc2 Be6 14.g3 O-O 15.
Bg2 f5 16.O-O a5 17.Nf4 exf4 18.Bxc6 fxg3 19.hxg3 f4 20.Nd4 fxg3 21.Nxe6 
Qh4 22.fxg3 Qxg3+ 23.Bg2 Qe3+ 24.Kh1 Qh6+ 25.Kg1 Qe3+ 26.Kh1 1/2-1/2

[Event "zonal 1.6"]
[Site "Samara RUS"]
[Date "2000.06.19"]
[Round "3"]
[White "Yakovich, Yury"]
[Black "Kornev, Alexei"]
[Result "1/2-1/2"]
[WhiteElo "2580"]
[BlackElo "2384"]
[EventDate "2000.06.03"]
[PlyCount "102"]

1.d4 g6 2.e4 Bg7 3.c4 d6 4.Nc3 Nd7 5.Nf3 e5 6.Be2 Ngf6 7.O-O O-O 8.Re1 h6 
9.Qc2 c6 10.Rb1 Nh7 11.dxe5 dxe5 12.Be3 f5 13.exf5 gxf5 14.Rbd1 Qe7 15.Bf1
e4 16.Bd4 Ndf6 17.Nh4 Qf7 18.f4 Be6 19.Be2 Rfd8 20.Be3 Re8 21.h3 Nf8 22.
Kh2 b6 23.Rg1 Qe7 24.g3 Rac8 25.Rd2 N8d7 26.Qd1 Red8 27.Qe1 Nc5 28.Ng6 Qe8
29.Ne5 Rxd2 30.Qxd2 Rd8 31.Qc2 Nd3 32.Nxd3 exd3 33.Bxd3 Qh5 34.Kg2 b5 35.
Be2 Qf7 36.cxb5 cxb5 37.Rd1 Rc8 38.Qd2 b4 39.Nb5 Ne4 40.Nd6 Nxd2 41.Nxf7 
Nc4 42.Bxc4 Rxc4 43.Ne5 Rc2+ 44.Rd2 Rxd2+ 45.Bxd2 Bxa2 46.Bxb4 Bxe5 47.
fxe5 Kf7 48.Kf3 Bd5+ 49.Kf4 Bg2 50.g4 fxg4 51.hxg4 Bd5 1/2-1/2

[Event "zonal 1.6"]
[Site "Samara RUS"]
[Date "2000.06.19"]
[Round "3"]
[White "Makarov, Marat"]
[Black "Alavkin, Arseny"]
[Result "1/2-1/2"]
[WhiteElo "2513"]
[BlackElo "2397"]
[EventDate "2000.06.03"]
[PlyCount "82"]

1.Nf3 d5 2.d4 Nf6 3.c4 c6 4.e3 Bf5 5.Nc3 e6 6.Nh4 Be4 7.f3 Bg6 8.Qb3 Qb6 
9.Nxg6 hxg6 10.Bd2 Nbd7 11.O-O-O Qxb3 12.axb3 Bd6 13.h3 O-O 14.g4 Bb4 15.
Bd3 Rfd8 16.h4 c5 17.h5 dxc4 18.Bxc4 cxd4 19.exd4 Nb6 20.h6 gxh6 21.Bxh6 
Rac8 22.Bf4 Nfd5 23.Bg5 f6 24.Bxf6 Nxf6 25.Bxe6+ Kg7 26.Bxc8 Rxc8 27.Kb1 
Bxc3 28.bxc3 Rxc3 29.Rc1 Rxb3+ 30.Ka2 Rxf3 31.Rc7+ Nfd7 32.Rxb7 Rf4 33.
Rxa7 Rxd4 34.g5 Rd2+ 35.Ka3 Rd5 36.Rb1 Kf8 37.Rg1 Ke7 38.Kb3 Ke6 39.Kc2 
Nc4 40.Ra6+ Nd6 41.Rd1 Rxd1 1/2-1/2

[Event "zonal 1.6"]
[Site "Samara RUS"]
[Date "2000.06.19"]
[Round "3"]
[White "Scherbakov, Ruslan"]
[Black "Yashtylov, Anatoly"]
[Result "1-0"]
[WhiteElo "2552"]
[BlackElo "2319"]
[EventDate "2000.06.03"]
[PlyCount "69"]

1.d4 d5 2.c4 e6 3.Nc3 c6 4.Nf3 dxc4 5.Bg5 Qc7 6.g3 Nd7 7.Bg2 Ngf6 8.Nd2 
Nb6 9.Bxf6 gxf6 10.O-O Be7 11.Rc1 e5 12.d5 Bd7 13.b3 cxd5 14.Nxd5 Nxd5 15.
Bxd5 c3 16.Ne4 Rd8 17.Rxc3 Qb6 18.Nd2 Bh3 19.Nc4 Qc5 20.Rd3 Bxf1 21.Kxf1 
b5 22.Ne3 Rc8 23.Kg2 Qc1 24.Bc4 Rxc4 25.bxc4 Qxd1 26.Rxd1 bxc4 27.Nxc4 O-O
28.Rd7 Bc5 29.Rc7 Bb6 30.Rc6 Bd8 31.a4 a5 32.Rc8 Kg7 33.e4 f5 34.exf5 Kf6 
35.Nxa5 1-0

[Event "zonal 1.6"]
[Site "Samara RUS"]
[Date "2000.06.19"]
[Round "3"]
[White "Belitsky, Alexander"]
[Black "Ionov, Sergei"]
[Result "1/2-1/2"]
[WhiteElo "2306"]
[BlackElo "2558"]
[EventDate "2000.06.03"]
[PlyCount "85"]

1.d4 Nf6 2.c4 e6 3.Nc3 Bb4 4.Qc2 O-O 5.a3 Bxc3+ 6.Qxc3 b6 7.Nf3 Bb7 8.g3 
c5 9.Bg2 cxd4 10.Qxd4 Nc6 11.Qh4 Rc8 12.Bd2 Na5 13.Bxa5 bxa5 14.O-O Bxf3 
15.Bxf3 Qb6 16.Rab1 Qc5 17.Rfc1 Rb8 18.e3 e5 19.Qg5 Rfe8 20.Qf5 Re6 21.b4 
axb4 22.axb4 Rxb4 23.Bd5 g6 24.Qg5 Nxd5 25.cxd5 Rxb1 26.Rxb1 Re8 27.e4 Kg7
28.Rb7 d6 29.h4 h6 30.Qg4 Qc8 31.Qxc8 Rxc8 32.Rxa7 Rb8 33.Rd7 Rb6 34.g4 
Kf8 35.Kg2 h5 36.gxh5 gxh5 37.Kg3 Kg7 38.Rc7 Rb8 39.Rd7 Rb6 40.Rd8 Ra6 41.
f3 Rb6 42.Rc8 Rb7 43.Rd8 1/2-1/2

[Event "zonal 1.6"]
[Site "Samara RUS"]
[Date "2000.06.19"]
[Round "3"]
[White "Sidorov, Anatoly"]
[Black "Yevseev, Denis"]
[Result "1-0"]
[WhiteElo "2339"]
[BlackElo "2496"]
[EventDate "2000.06.03"]
[PlyCount "101"]

1.d4 d5 2.Nc3 Nf6 3.Bg5 c5 4.e3 Nc6 5.Bb5 a6 6.Bxc6+ bxc6 7.dxc5 Qa5 8.Qd2
e6 9.Nge2 Bxc5 10.Nd4 Qc7 11.Bh4 Be7 12.Bg3 Qb7 13.Rb1 Nh5 14.b4 Nxg3 15.
hxg3 e5 16.Nf3 f6 17.O-O O-O 18.Na4 Qb5 19.Nc3 Qb7 20.Na4 Rb8 21.a3 Be6 
22.Ne1 Qb5 23.Nc3 Qc4 24.Nd3 a5 25.Na4 axb4 26.axb4 Bf5 27.Rb2 d4 28.exd4 
Qxd4 29.Rfb1 Rfd8 30.Qc1 Ra8 31.Ndc5 Qd2 32.Qf1 Rab8 33.Qc4+ Qd5 34.Qe2 
Bf8 35.Nc3 Qd4 36.N3e4 Qd5 37.Kh2 Bg6 38.g4 Qf7 39.f3 h5 40.gxh5 Bxh5 41.
g4 Bg6 42.Kg3 f5 43.gxf5 Qxf5 44.Nd3 Be7 45.Rh1 Rf8 46.Kg2 Ra8 47.Rbb1 Ra2
48.Rh3 Bh5 49.Rf1 Bf7 50.Ng3 Qg6 51.Rfh1 1-0

[Event "zonal 1.6"]
[Site "Samara RUS"]
[Date "2000.06.19"]
[Round "3"]
[White "Khliyan, Eduard"]
[Black "Sultanov, Alexander"]
[Result "1-0"]
[WhiteElo "2454"]
[BlackElo "2294"]
[EventDate "2000.06.03"]
[PlyCount "113"]

1.d4 d5 2.Nf3 Nf6 3.c4 c6 4.e3 Bf5 5.Nc3 e6 6.Nh4 Bg4 7.Qb3 Qb6 8.h3 Bh5 
9.Bd2 Be7 10.g4 Bg6 11.Nxg6 hxg6 12.Bg2 Nfd7 13.Na4 Qxb3 14.axb3 Na6 15.
Ke2 Bb4 16.Nc3 Be7 17.Rhc1 O-O 18.f4 Rfd8 19.f5 gxf5 20.gxf5 Nc7 21.fxe6 
fxe6 22.Be1 Nf6 23.Bg3 Bd6 24.Bh4 Nce8 25.Rg1 Rd7 26.Bf3 Rf7 27.c5 Be7 28.
b4 Ne4 29.Be1 Nxc3+ 30.bxc3 Nf6 31.Bg3 Bd8 32.Kd3 Bc7 33.Bxc7 Rxc7 34.b5 
cxb5 35.Rgb1 a6 36.Rxb5 Re8 37.Rb6 Ree7 38.Rab1 Kf7 39.c4 Red7 40.cxd5 
exd5 41.Bd1 Re7 42.R1b2 Kg6 43.h4 Kf7 44.h5 Rcd7 45.Rg2 Rd8 46.h6 gxh6 47.
Rf2 Re6 48.Bh5+ Ke7 49.Rxb7+ Rd7 50.Rxd7+ Kxd7 51.Bf7 Rc6 52.Rf5 Ke7 53.
Bxd5 Rc7 54.Bc4 a5 55.d5 Rxc5 56.d6+ Kxd6 57.Rxf6+ 1-0

[Event "zonal 1.6"]
[Site "Samara RUS"]
[Date "2000.06.19"]
[Round "3"]
[White "Utnasunov, Alexander"]
[Black "Meister, Yakov"]
[Result "0-1"]
[WhiteElo "2175"]
[BlackElo "2473"]
[EventDate "2000.06.03"]
[PlyCount "86"]

1.d4 d5 2.c4 e6 3.Nc3 Bb4 4.Nf3 dxc4 5.Qa4+ Nc6 6.a3 Bxc3+ 7.bxc3 Qd5 8.
Qc2 Nf6 9.Nd2 Na5 10.e4 Qc6 11.Be2 Nb3 12.Nxb3 cxb3 13.Qxb3 Qxe4 14.f3 
Qh4+ 15.g3 Qh3 16.Kf2 O-O 17.c4 Rd8 18.Bb2 b6 19.d5 Ne8 20.Rad1 Ba6 21.Bf1
Qh6 22.Kg2 exd5 23.cxd5 Bxf1+ 24.Rhxf1 c5 25.Rfe1 Nd6 26.f4 Rd7 27.Re5 f6 
28.Re6 Qh5 29.Rd2 Rad8 30.h3 Qf7 31.g4 f5 32.g5 c4 33.Qb4 Ne4 34.Rd4 b5 
35.Re5 Nd6 36.Rd1 h6 37.gxh6 Qh5 38.Rg1 Qxh6 39.Qd2 Ne4 40.Qe3 Rxd5 41.
Rxd5 Rxd5 42.Bxg7 Kxg7 43.Qxa7+ Kf6 0-1

[Event "zonal 1.6"]
[Site "Samara RUS"]
[Date "2000.06.20"]
[Round "4.2"]
[White "Zviagintsev, Vadim"]
[Black "Rustemov, Alexander"]
[Result "1/2-1/2"]
[WhiteElo "2641"]
[BlackElo "2553"]
[EventDate "2000.06.03"]
[PlyCount "32"]

1.e4 e6 2.d4 d5 3.Nd2 c5 4.exd5 Qxd5 5.Ngf3 cxd4 6.Bc4 Qd6 7.O-O Nf6 8.Nb3
Nc6 9.Nbxd4 Nxd4 10.Qxd4 Qxd4 11.Nxd4 Bd7 12.b3 Bc5 13.Bb2 O-O 14.Rad1 
Rfd8 15.Rfe1 Be8 16.Kf1 a6 1/2-1/2

[Event "zonal 1.6"]
[Site "Samara RUS"]
[Date "2000.06.20"]
[Round "4.3"]
[White "Popov, Valery"]
[Black "Dolmatov, Sergei"]
[Result "1/2-1/2"]
[WhiteElo "2534"]
[BlackElo "2615"]
[EventDate "2000.06.03"]
[PlyCount "20"]

1.d4 d5 2.c4 c6 3.Nf3 Nf6 4.cxd5 cxd5 5.Nc3 Nc6 6.Bf4 a6 7.e3 Bg4 8.Bd3 e6
9.h3 Bxf3 10.Qxf3 Bd6 1/2-1/2

[Event "zonal 1.6"]
[Site "Samara RUS"]
[Date "2000.06.20"]
[Round "4.4"]
[White "Smikovsky, Ivan"]
[Black "Shariazdanov, Andrei"]
[Result "1-0"]
[WhiteElo "2492"]
[BlackElo "2612"]
[EventDate "2000.06.03"]
[PlyCount "51"]

1.e4 c5 2.Nf3 Nc6 3.d4 cxd4 4.Nxd4 Nf6 5.Nc3 e5 6.Ndb5 d6 7.Bg5 a6 8.Na3 
b5 9.Bxf6 gxf6 10.Nd5 f5 11.Bd3 Be6 12.O-O Bxd5 13.exd5 Ne7 14.c3 Bg7 15.
Qh5 e4 16.Bc2 Qc8 17.Rae1 O-O 18.Kh1 Re8 19.f3 b4 20.cxb4 Bxb2 21.fxe4 
Bxa3 22.Ba4 Bxb4 23.Rc1 Bc5 24.exf5 Kh8 25.Qxf7 Ng8 26.f6 1-0

[Event "zonal 1.6"]
[Site "Samara RUS"]
[Date "2000.06.20"]
[Round "4.5"]
[White "Dvoirys, Semen"]
[Black "Poluliakhov, Alexander"]
[Result "1/2-1/2"]
[WhiteElo "2591"]
[BlackElo "2526"]
[EventDate "2000.06.03"]
[PlyCount "84"]

1.e4 c5 2.Nf3 Nc6 3.d4 cxd4 4.Nxd4 Qc7 5.Nc3 e6 6.Be3 a6 7.f4 Nxd4 8.Qxd4 
b5 9.Be2 Bb7 10.Bf3 Rc8 11.O-O h5 12.Rad1 Nf6 13.h3 h4 14.Rf2 Bc5 15.Qd3 
Bxe3 16.Qxe3 b4 17.Na4 O-O 18.Rd4 Bc6 19.Rxb4 Rb8 20.Rd4 e5 21.fxe5 Qxe5 
22.Qc3 Rfc8 23.Rc4 Qxc3 24.Nxc3 Rxb2 25.e5 Nh7 26.Bd5 Ng5 27.Rf5 Ne6 28.
Rxh4 Bxd5 29.Nxd5 g5 30.Ne7+ Kg7 31.Rxg5+ Nxg5 32.Nxc8 Rxc2 33.Nd6 Rxa2 
34.Rg4 Kh6 35.h4 Ne6 36.Nxf7+ Kh5 37.Rc4 a5 38.Nd6 a4 39.Kh2 a3 40.Nb5 Ra1
41.Ra4 a2 42.Nc3 Nc5 1/2-1/2

[Event "zonal 1.6"]
[Site "Samara RUS"]
[Date "2000.06.20"]
[Round "4.6"]
[White "Ulybin, Mikhail"]
[Black "Rashkovsky, Nukhim"]
[Result "0-1"]
[WhiteElo "2580"]
[BlackElo "2523"]
[EventDate "2000.06.03"]
[PlyCount "68"]

1.e4 g6 2.d4 c6 3.c4 Bg7 4.Nc3 d6 5.Be2 Nf6 6.Nf3 O-O 7.O-O Nbd7 8.Be3 e5 
9.Qc2 h6 10.dxe5 dxe5 11.Qc1 Kh7 12.Nd2 Ne8 13.b4 Nc7 14.Nb3 Ne6 15.Rd1 
Qe7 16.c5 f5 17.f3 Nf6 18.Qc2 fxe4 19.Nxe4 Nxe4 20.fxe4 Nf4 21.Bf1 h5 22.
Na5 h4 23.a4 Bg4 24.Rd2 h3 25.g3 Ne6 26.Nc4 Ng5 27.Bxg5 Qxg5 28.Rf2 Bh6 
29.Re1 Rxf2 30.Qxf2 Rf8 31.Qc2 Qf6 32.Bd3 Qd8 33.Nd6 b6 34.Qc3 bxc5 0-1